María Celeste / (Registro nro. 11068)
[ vista simple ]
| 000 -CABECERA | |
|---|---|
| Longitud fija campo de control | 00886nam a2200253 a 4500 |
| 003 - • IDENTIFICADOR DELl NÚMERO DE CONTROL | |
| Identificador del número de control | CO-ViMGA |
| 005 - • FECHA Y HORA DE LA ÚLTIMA TRANSACCIÓN | |
| Fecha y hora de la última transacción | 20240805172524.0 |
| 008 - • CÓDIGOS DE INFORMACIÓN DE LONGITUD FIJA | |
| Códigos de información de longitud fija | 141112s1995 mx a r 000 u spa d |
| 020 ## - • NÚMERO INTERNACIONAL NORMALIZADO PARA LIBROS | |
| Número Internacional Normalizado para Libros (ISBN) | 9681647637 |
| 040 ## - FUENTE DE LA CATALOGACIÓN | |
| Centro catalogador de origen | CO-ViMGA |
| Lengua de catalogación | spa |
| Centro transcriptor | CO-ViMGA |
| 084 ## - • Clasificación Local Alfanúmerica PNLB | |
| Número de clasificación | C POS1 |
| 100 1# - • PUNTO DE ACCESO PRINCIPAL-NOMBRE DE PERSONA | |
| Nombre de persona | PosadaS, Carmen |
| Fechas asociadas al nombre | 1953 - |
| Término indicativo de función | Carmen Posadas; ilustraciones, Araceli Suárez |
| 245 10 - • TITULO PROPIAMENTE DICHO | |
| Título | María Celeste / |
| Mención de responsabilidad, etc. | Carmen Posadas ; ilustraciones Araceli Suárez Gómez |
| 250 ## - • MENCIÓN DE EDICIÓN | |
| Mención de edición | Segunda edición |
| 264 ## - PRODUCCIÓN, PUBLICACIÓN , DISTRIBUCIÓN, FABRICACIÓN Y COPYRIGHT | |
| Lugar de producción, publicación, distribución, fabricación | México |
| Nombre del productor, editor, distribuidor, fabricante | Fondo de Cultura Económica |
| Fecha de de producción, publicación, distribución, fabricación o copyright | 1995 |
| 300 ## - • DESCRIPCIÓN FÍSICA | |
| Extensión | 44 páginas |
| Otras características físicas | ilustraciones en blanco y negro |
| Dimensiones | 19 x 15cm |
| 490 ## - • MENCIÓN DE SERIE | |
| Mención de serie | A la Orilla del Viento |
| 650 14 - • PUNTO DE ACCESO ADICIONAL DE MATERIA - TÉRMINO DE MATERIA | |
| Término de materia o nombre geográfico como elemento inicial | cuentos infantiles uruguayos |
| Fuente del encabezamiento o término | LEMB |
| 650 14 - • PUNTO DE ACCESO ADICIONAL DE MATERIA - TÉRMINO DE MATERIA | |
| Término de materia o nombre geográfico como elemento inicial | cuentos marinos |
| Fuente del encabezamiento o término | LEMB |
| 650 14 - • PUNTO DE ACCESO ADICIONAL DE MATERIA - TÉRMINO DE MATERIA | |
| Término de materia o nombre geográfico como elemento inicial | naufragios |
| Fuente del encabezamiento o término | LEMB |
| 650 14 - • PUNTO DE ACCESO ADICIONAL DE MATERIA - TÉRMINO DE MATERIA | |
| Término de materia o nombre geográfico como elemento inicial | océano |
| Fuente del encabezamiento o término | LEMB |
| 700 1# - • PUNTO DE ACCESO ADICIONAL - NOMBRE DE PERSONA | |
| Nombre de persona | Suárez Gómez, Arceli, il. |
| 942 ## - ENTRADA DE ELEMENTOS AGREGADOS (KOHA) | |
| Fuente de clasificaión o esquema | Dewey Decimal Classification |
| Koha [por defecto] tipo de item | Libro Infantil |
| Perdido | Fuente de clasificación o esquema | Estado Físico | No para préstamo | Forma de adquisición | Localización permanente | Localización actual | Fecha adquisición | Serie de enumeración / cronolog&íacute;a | Préstamos totales | Signatura completa | Código de barras | Fecha última consulta | Fecha último préstamo | Número de copia | Fecha del precio de reemplazo | Tipo de item de Koha | Localización en estanterías |
|---|---|---|---|---|---|---|---|---|---|---|---|---|---|---|---|---|---|
| Dewey Decimal Classification | Sala General | Biblioteca Barrio Emporio - Villavicencio | Biblioteca Barrio Emporio - Villavicencio | 12/04/2015 | 27/ene/2015 | 1 | C POS1 | ICM00031 | 09/25/2019 | 09/25/2019 | Ej. 1 | 12/04/2015 | LIbro | ||||
| Dewey Decimal Classification | Infantil | Biblioteca Pública Guamal | Biblioteca Pública Guamal | 08/05/2024 | C POS1 | GUA004047 | 08/05/2024 | Ej.1 | 08/05/2024 | Libro Infantil | Sala Infantil | ||||||
| Dewey Decimal Classification | Infantil | Biblioteca Pública Uribe - Reinerio Arenas | Biblioteca Pública Uribe - Reinerio Arenas | 07/28/2025 | C POS1 | URI03114 | 07/28/2025 | Ej.1 | 07/28/2025 | Libro Infantil | Sala Infantil |